000 00686nam a22001937a 4500
003 OSt
005 20250730060333.0
008 250730b |||||||| |||| 00| 0 eng d
020 _a9715554296
040 _aDWCL-Main lib
_cOC
082 _aFil. 370.9599 R456u 2002
100 _aReyes, Flordeliza Clemente
245 _aUnveiling teaching experience :
_ba showcase of sixty-nine outstanding teachers in the Philippines
_cFlordeliza Clemente Reyes
260 _aManila :
_bDe La Salle University Press,
_cc2002.
300 _axv, 127 pages ;
_c 23 cm.
650 _a1. Education--Philippines.
650 _a2. Teachers--Philippines--Attitudes
942 _2ddc
_cBK - FIL
_kFil.
_n0
999 _c3900
_d3900